Statistics for Cities on Route 50 on a Map

Click here to take the quiz!

General Stats

  • This quiz has been taken 38 times
  • The average score is 9 of 15

Answers on the Map

Answers color-coded by a green-red scale on the quiz's map according to % correct below.
 

Answer Stats

Population (2020)City% Correct
508,090Kansas City
94%
309,317Cincinnati
91%
301,578Saint Louis
91%
524,943Sacramento
85%
689,545Washington
85%
58,639Carson City
76%
40,812Annapolis
70%
43,228Jefferson City
64%
111,876Pueblo
55%
197,238Overland Park
52%
65,560Grand Junction
48%
101,108Lee's Summit
39%
141,290Olathe
36%
6,844 (in winter!)Ocean City
33%
28,120Winchester
24%

Score Distribution

Percentile by Number Answered

Percent of People with Each Score

Your Score History

You have not taken this quiz